Songs from the First Line(s) - 1960s - Statistics

General Stats
  • This quiz has been taken 117 times
  • The average score is 24 of 40
Answer Stats
Hint Answer % Correct
1968 Hey, Jude, don't make it bad / Take a sad song and make it better / Remember to let her into your heart / Then you can start to make it better Song Hey Jude
94%
1968 Hey, Jude, don't make it bad / Take a sad song and make it better / Remember to let her into your heart / Then you can start to make it better Artist(s) The Beatles
92%
1962 Wise men say / Only fools rush in / But I can't help falling in love with you / Shall I stay? / Would it be a sin Artist(s) Elvis Presley
85%
1968 We're caught in a trap / I can't walk out / Because I love you too much baby / Why can't you see / What you're doing to me Artist(s) Elvis Presley
85%
1965 All the leaves are brown and the sky is gray / I've been for a walk on a winter's day / I'd be safe and warm if I was in L.A. Song California Dreamin'
84%
1962 Wise men say / Only fools rush in / But I can't help falling in love with you / Shall I stay? / Would it be a sin Song Can't Help Falling In Love
80%
1963 Love is a burning thing / And it makes a fiery ring / Bound by wild desire / I fell into a ring of fire Song Ring Of Fire
79%
1969 Ground Control to Major Tom / Take your protein pills and put your helmet on / (Ten) / Ground Control / (Nine) / To Major Tom Artist(s) David Bowie
78%
1969 And now, the end is near / And so I face the final curtain / My friend, I'll say it clear / I'll state my case, of which I'm certain Artist(s) Frank Sinatra
78%
1967 I know I stand in line until you think you have the time / To spend an evening with me / And if we go someplace to dance Artist(s) Frank Sinatra / Nancy Sinatra
78%
1965 All the leaves are brown and the sky is gray / I've been for a walk on a winter's day / I'd be safe and warm if I was in L.A. Artist(s) The Mamas And The Papas
78%
1963 Love is a burning thing / And it makes a fiery ring / Bound by wild desire / I fell into a ring of fire Artist(s) Johnny Cash
77%
1964 I've got sunshine on a cloudy day / When it's cold outside I've got the month of May / I guess you'd say / What can make me feel this way? Song My Girl
77%
1961 When the night has come / And the land is dark / And the moon is the only light we'll see / No, I won't be afraid / Oh, I won't be afraid Song Stand By Me
77%
1969 And now, the end is near / And so I face the final curtain / My friend, I'll say it clear / I'll state my case, of which I'm certain Song My Way
75%
1962 Let's go surfing now / Everybody's learning how / Come on on safari with me / Early in the morning we'll be starting out Artist(s) The Beach Boys
74%
1966 I thought love was only true in fairy tales / Meant for someone else but not for me. / Love was out to get me Song I'm A Believer
72%
1969 Ground Control to Major Tom / Take your protein pills and put your helmet on / (Ten) / Ground Control / (Nine) / To Major Tom Song Space Oddity
71%
1966 I thought love was only true in fairy tales / Meant for someone else but not for me. / Love was out to get me Artist(s) The Monkees
71%
1961 Moon River, wider than a mile / I'm crossing you in style someday / Oh, dream maker / You heartbreaker Song Moon River
70%
1964 I've got sunshine on a cloudy day / When it's cold outside I've got the month of May / I guess you'd say / What can make me feel this way? Artist(s) The Temptations
66%
1960 Don't know much about history / Don't know much biology / Don't know much about a science book Song Wonderful World
55%
1967 You're just too good to be true / Can't take my eyes off you / You'd be like heaven to touch / I wanna hold you so much Song Can't Take My Eyes Off You
53%
1968 We're caught in a trap / I can't walk out / Because I love you too much baby / Why can't you see / What you're doing to me Song Suspicious Minds
53%
1961 When the night has come / And the land is dark / And the moon is the only light we'll see / No, I won't be afraid / Oh, I won't be afraid Artist(s) Ben E. King
52%
1967 You're just too good to be true / Can't take my eyes off you / You'd be like heaven to touch / I wanna hold you so much Artist(s) Frankie Valli
46%
1966 I need love, love / To ease my mind / I need to find, find someone to call mine / But mama said Song You Can't Hurry Love
46%
1962 Let's go surfing now / Everybody's learning how / Come on on safari with me / Early in the morning we'll be starting out Song Surfin' Safari
45%
1966 I need love, love / To ease my mind / I need to find, find someone to call mine / But mama said Artist(s) The Supremes
45%
1961 Moon River, wider than a mile / I'm crossing you in style someday / Oh, dream maker / You heartbreaker Artist(s) Audrey Hepburn / Henry Mancini
41%
1960 Don't know much about history / Don't know much biology / Don't know much about a science book Artist(s) Sam Cooke
41%
1965 They say we're young and we don't know / We won't find out until we're grown / Well I don't know if all that's true Artist(s) Sonny & Cher
41%
1965 They say we're young and we don't know / We won't find out until we're grown / Well I don't know if all that's true Song I Got You Babe
40%
1967 I know I stand in line until you think you have the time / To spend an evening with me / And if we go someplace to dance Song Somethin' Stupid
39%
1960 You can dance / Every dance with the guy / Who gives you the eye / Let him hold you tight / You can smile Song Save the Last Dance for Me
31%
1964 Olha que coisa mais linda / Mais cheia de graça / É ela menina Tall and tan and young and lovely Song The Girl From Ipanema
30%
1963 Oh, how you tried / To cut me down to size / By telling dirty lies to my friends / But my own father / Said give her up, don't bother Artist(s) The Four Seasons
23%
1960 You can dance / Every dance with the guy / Who gives you the eye / Let him hold you tight / You can smile Artist(s) The Drifters
21%
1963 Oh, how you tried / To cut me down to size / By telling dirty lies to my friends / But my own father / Said give her up, don't bother Song Walk Like A Man
13%
1964 Olha que coisa mais linda / Mais cheia de graça / É ela menina Tall and tan and young and lovely Artist(s) Stan Getz / Astrud Gilberto / João Gilberto
11%
No matching quizzes found
Score Distribution
Percent of People with Each Score
Percentile by Number Answered
Your Score History
You have not taken this quiz